|
|
|
|
| LEADER |
02085nam a22004815i 4500 |
| 001 |
978-0-585-34714-1 |
| 003 |
DE-He213 |
| 005 |
20150519185446.0 |
| 007 |
cr nn 008mamaa |
| 008 |
100301s1997 xxu| s |||| 0|eng d |
| 020 |
|
|
|a 9780585347141
|9 978-0-585-34714-1
|
| 024 |
7 |
|
|a 10.1007/b102388
|2 doi
|
| 040 |
|
|
|d GrThAP
|
| 050 |
|
4 |
|a QA76.758
|
| 072 |
|
7 |
|a UMZ
|2 bicssc
|
| 072 |
|
7 |
|a UL
|2 bicssc
|
| 072 |
|
7 |
|a COM051230
|2 bisacsh
|
| 082 |
0 |
4 |
|a 005.1
|2 23
|
| 245 |
1 |
0 |
|a Knowledge-Based Software Engineering
|h [electronic resource] /
|c edited by Dorothy Setliff, Howard Reubenstein.
|
| 264 |
|
1 |
|a Boston, MA :
|b Springer US,
|c 1997.
|
| 300 |
|
|
|a IV, 108 p.
|b online resource.
|
| 336 |
|
|
|a text
|b txt
|2 rdacontent
|
| 337 |
|
|
|a computer
|b c
|2 rdamedia
|
| 338 |
|
|
|a online resource
|b cr
|2 rdacarrier
|
| 347 |
|
|
|a text file
|b PDF
|2 rda
|
| 505 |
0 |
|
|a Searching for a Global Search Algorithm -- Specification and Animation of a Bank Transfer using KIDS/VDM -- Interactive Explanation of Software Systems -- Test Case Generation as an AI Planning Problem -- Desert Island Column.
|
| 520 |
|
|
|a Knowledge-Based Software Engineering brings together in one place important contributions and up-to-date research results in this important area. Knowledge-Based Software Engineering serves as an excellent reference, providing insight into some of the most important research issues in the field.
|
| 650 |
|
0 |
|a Computer science.
|
| 650 |
|
0 |
|a Software engineering.
|
| 650 |
|
0 |
|a Artificial intelligence.
|
| 650 |
1 |
4 |
|a Computer Science.
|
| 650 |
2 |
4 |
|a Software Engineering/Programming and Operating Systems.
|
| 650 |
2 |
4 |
|a Artificial Intelligence (incl. Robotics).
|
| 650 |
2 |
4 |
|a Computer Science, general.
|
| 700 |
1 |
|
|a Setliff, Dorothy.
|e editor.
|
| 700 |
1 |
|
|a Reubenstein, Howard.
|e editor.
|
| 710 |
2 |
|
|a SpringerLink (Online service)
|
| 773 |
0 |
|
|t Springer eBooks
|
| 776 |
0 |
8 |
|i Printed edition:
|z 9780792397892
|
| 856 |
4 |
0 |
|u http://dx.doi.org/10.1007/b102388
|z Full Text via HEAL-Link
|
| 912 |
|
|
|a ZDB-2-SCS
|
| 912 |
|
|
|a ZDB-2-BAE
|
| 950 |
|
|
|a Computer Science (Springer-11645)
|